000 00335pam a2200157a 44500
008 230515b2004 xxu||||| |||| 00| 0 eng d
020 _aNULL
041 _aENGLISH
082 _a0
100 _aRAMAMRUTHAM
245 _aSTRENTH OF MATERIALS
250 _a0
260 _a
_bDHANPAT RAI
_c2004
300 _a1077P
650 _aNULL
999 _c594046
_d594046